Quan hệ văn hóa truyền thống dân tộc sán chay (Cao Lan-Sán Chí) với dân tộc Kinh (Việt): Qua nghiên cứu thực địa tại bốn huyện miền núi tỉnh Bắc Giang
v.v...
Đã lưu trong:
| Tác giả chính: | |
|---|---|
| Định dạng: | Sách |
| Năm xuất bản: |
H.:
Khoa học xã hội,
2015
|
| Series: | Hội văn nghệ dân gian Việt Nam
|
| Chủ đề: | |
| Tags: |
Thêm thẻ
Không có thẻ, Hãy là người đầu tiên gắn thẻ bản ghi này!
|
| LEADER | 00804nam a2200157 4500 | ||
|---|---|---|---|
| 082 | |a 398.0959725 |b B510Q | ||
| 100 | |a Bùi Quang Thanh | ||
| 245 | |a Quan hệ văn hóa truyền thống dân tộc sán chay (Cao Lan-Sán Chí) với dân tộc Kinh (Việt): |c Đặng Thị Oanh, Đặng Thị Ngọc Lan, Nguyễn Văn Thủy |b Qua nghiên cứu thực địa tại bốn huyện miền núi tỉnh Bắc Giang | ||
| 260 | |a H.: |b Khoa học xã hội, |c 2015 | ||
| 300 | |a 254tr.; |c 21cm. | ||
| 490 | |a Hội văn nghệ dân gian Việt Nam | ||
| 520 | |a v.v... | ||
| 653 | |a Văn hóa dân gian-Bắc Giang-Việt Nam | ||
| 942 | |2 ddc |c SH | ||
| 999 | |c 12201 |d 12201 | ||
| 952 | |0 0 |1 0 |2 ddc |4 0 |6 398_095972500000000_B510Q |7 0 |8 300 |9 104465 |a qbu |b qbu |c D2 |d 2015-12-17 |g 50000 |o 398.0959725 B510Q |p 11615.c1 |r 0000-00-00 |w 2015-12-17 |y SH | ||